Countries with the most Trees - Statistics

General Stats
  • This quiz has been taken 59 times
  • The average score is 9 of 10
Answer Stats
Hint Answer % Correct
8,249,300 SQ km Russia
96%
4,776,980 SQ km Brazil
94%
4,916,438 SQ km Canada
94%
3.100,950 Sq km USA
92%
1,470,832 SQ km Australia
88%
2.083,210 SQ km China
88%
802,088 SQ km India
84%
945,336 SQ km Argentina
73%
1,172,704 SQ km DR Congo
73%
884,950 SQ km Indonesia
73%
No matching quizzes found
Score Distribution
Percent of People with Each Score
Percentile by Number Answered
Your Score History
You have not taken this quiz